Human growth and development (Record no. 30948)

MARC details
000 -LEADER
fixed length control field 00518nam a2200169Ia 4500
020 ## - INTERNATIONAL STANDARD BOOK NUMBER
ISBN 9788006353
050 ## - CALL MARK
Classification number QP 84 .H86/
100 ## - STATEMENT OF RESPONSIBILITY--MAIN AUTHOR NAME
Personal name Edited by Iroegbu, T. C.; Nkwocha, P. C.; Onyemerekeya, N. P. & Paul-Cookey N. R.
245 #0 - TITLE STATEMENT
Title Human growth and development
260 ## - PUBLICATION, DISTRIBUTION, ETC. (IMPRINT)
Name of publisher Digital Versatile Printers Ltd.
260 ## - PUBLICATION, DISTRIBUTION, ETC. (IMPRINT)
Year of publication 2018
300 ## - PHYSICAL DESCRIPTION
Number of Pages 426 p
650 ## - SUBJECT ADDED ENTRY--TOPICAL TERM
Topical Term Human growth. Developmental biology. Child development.
942 ## - ADDED ENTRY ELEMENTS (KOHA)
Koha item type Books
Holdings
Withdrawn status Lost status Source of classification or shelving scheme Damaged status Not for loan Permanent Location Current Location Shelving location Date acquired Accession Number Price effective from Koha item type
    Library of Congress Classification     NILE UNIVERSITY OF NIGERIA - MAIN LIBRARY NILE UNIVERSITY OF NIGERIA - MAIN LIBRARY Items on shelf 04/23/2025 0192735 04/23/2025 Books